Ortografía programada
Spremljeno u:
| Glavni autor: | |
|---|---|
| Format: | Knjiga |
| Jezik: | španjolski |
| Izdano: |
Ciudad de México
McGraw-Hill
1983
|
| Izdanje: | 3a. ed |
| Teme: | |
| Oznake: |
Dodaj oznaku
Bez oznaka, Budi prvi tko označuje ovaj zapis!
|
MARC
| LEADER | 00000nam a2200000 a 4500 | ||
|---|---|---|---|
| 001 | UCH7104 | ||
| 003 | CL-VaPUC | ||
| 008 | 091109e19830000MX |||||||||||||||||spa|d | ||
| 020 | |a 9684514182 | ||
| 082 | 0 | 4 | |a 372.632 |b ORT |2 21 |
| 100 | |a Ortega, Wenceslao |e autor |9 543559 | ||
| 245 | 1 | 0 | |a Ortografía programada |
| 250 | |a 3a. ed | ||
| 300 | |a 160 p | ||
| 942 | |c BK | ||
| 945 | |d 20091109 00:00:00 |a lazolas | ||
| 260 | |a Ciudad de México |b McGraw-Hill |c 1983 | ||
| 650 | 0 | |a Español |9 255372 | |
| 650 | 0 | |a Ortografía |9 309144 | |
| 650 | 0 | |a Estudio y enseñanza |9 270395 | |
| 583 | |a last modification |c 20091109 00:00:00 |k Rodrigo Vera | ||
| 999 | |c 337825 |d 337823 | ||